000 00860cam a2200265 4500
001 1709781
005 20050819180045.0
008 710716s1971 pau b 000 0 eng
010 _a 70154489
020 _a0800611055
040 _aDLC
_cDLC
_dDLC
050 0 0 _aHQ1061
_b.J64 1971
100 1 _aJohnson, Paul Emanuel,
_d1898-
245 1 4 _aThe middle years
_c[by] Paul E. Johnson.
260 _aPhiladelphia,
_bFortress Press
_c[1971]
300 _aiv, 60 p.
_c20 cm.
350 _a$1.50
490 0 _aPocket counsel books
504 _aIncludes bibliographical references.
650 0 _aMiddle age.
650 0 _aMiddle-aged persons
_xAttitudes.
906 _a7
_bcbc
_corignew
_d2
_encip
_f19
_gy-gencatlg
942 _2lcc
_cBK
999 _c35152
_d35152